000 00277nam a22001217a 4500
008 170426b xxu||||| |||| 00| 0 eng d
041 _aeng
080 _a546
100 _a12
101 _aSHM
245 _aPROPERTIES OF INORGANIC SUBSTANCES
_cSEGERBLOOM, W
942 _2udc
_cBK
999 _c12180
_d12180